| 000 | 00500nam a2200157Ia 4500 | ||
|---|---|---|---|
| 008 | 231221s9999 xx 000 0 und d | ||
| 020 | _a9790000000000 | ||
| 041 | _aEnglish | ||
| 100 | _aAxelson, Jan. | ||
| 245 | 0 | _aSerial post complete : programming and circuits for Rs-232 and Rs-485 links and networks | |
| 260 |
_c1998 _bPenram International publishing _aMumbai |
||
| 300 | _axiv, 306 | ||
| 300 | _c57638 | ||
| 650 | _aSerial,programming,circuits,Rs-232,Rs-485,links,networks | ||
| 942 | _cFP | ||
| 999 |
_c210447 _d210447 |
||